Every Winner Of The F1 Belgian Grand Prix - Statistics

General Stats
  • This quiz has been taken 16 times
    6 since last reset
  • The average score is 64 of 82
Answer Stats
Hint Answer % Correct
1983 Alain Prost
100%
1987 Alain Prost
100%
1925 Alberto Ascari
100%
1952 Alberto Ascari
100%
1953 Alberto Ascari
100%
1985 Ayrton Senna
100%
1988 Ayrton Senna
100%
1989 Ayrton Senna
100%
1990 Ayrton Senna
100%
1991 Ayrton Senna
100%
2019 Charles Leclerc
100%
1993 Damon Hill
100%
1994 Damon Hill
100%
1998 Damon Hill
100%
2014 Daniel Ricciardo
100%
1999 David Coulthard
100%
1972 Emerson Fittipaldi
100%
1974 Emerson Fittipaldi
100%
1960 Jack Brabham
100%
2012 Jenson Button
100%
1962 Jim Clark
100%
1963 Jim Clark
100%
1964 Jim Clark
100%
1965 Jim Clark
100%
1950 Juan Manuel Fangio
100%
1954 Juan Manuel Fangio
100%
1955 Juan Manuel Fangio
100%
2004 Kimi Raikkonen
100%
2005 Kimi Raikkonen
100%
2007 Kimi Raikkonen
100%
2009 Kimi Raikkonen
100%
2010 Lewis Hamilton
100%
2015 Lewis Hamilton
100%
2017 Lewis Hamilton
100%
2020 Lewis Hamilton
100%
2024 Lewis Hamilton
100%
1978 Mario Andretti
100%
2021 Max Verstappen
100%
2022 Max Verstappen
100%
2023 Max Verstappen
100%
1992 Michael Schumacher
100%
1995 Michael Schumacher
100%
1996 Michael Schumacher
100%
1997 Michael Schumacher
100%
2001 Michael Schumacher
100%
2002 Michael Schumacher
100%
2000 Mika Hakkinen
100%
2016 Nico Rosberg
100%
1975 Niki Lauda
100%
1976 Niki Lauda
100%
1961 Phil Hill
100%
2011 Sebastian Vettel
100%
2013 Sebastian Vettel
100%
2018 Sebastian Vettel
100%
1951 Giuseppe Farina
80%
1973 Jackie Stewart
80%
1979 Jody Scheckter
80%
1966 John Surtees
80%
1986 Nigel Mansell
80%
2025 Oscar Piastri
80%
2008 Felipe Massa
60%
1968 Bruce McLaren
20%
1931 Caberto Conelli
20%
1981 Carlos Reutemann
20%
1967 Dan Gurney
20%
1980 Didier Pironi
20%
1946 Eugene Chaboud
20%
1977 Gunnar Nilsson
20%
1939 Hermann Lang
20%
1947 Jean-Pierre Wimille
20%
1982 John Watson
20%
1930 Louis Chiron
20%
1949 Louis Rosier
20%
1984 Michele Alboreto
20%
1970 Pedro Rodriguez
20%
1956 Peter Collins
20%
1934 Rene Dreyfus
20%
1935 Rudolf Caracciola
20%
1937 Rudolf Hasse
20%
1933 Tazio Nuvolari
20%
1958 Tony Brooks
20%
1931 William Grover-Williams
20%
No matching quizzes found
Score Distribution
Percent of People with Each Score
Percentile by Number Answered
Your Score History
You have not taken this quiz since the last reset